00475nam a2200145Ia 4500008004100000041000800041100002000049245002900069260002900098300000900127520003200136999001900168650001600187952012600203230818s1999 xx 000 0 und d aeng aTownsend / Roth aNutrition & Diet Therapy bDelmar pub. Bestanc1999 a480p aHard Board | Reference Copy c854536d854536 aFood Safety 00104070aHMMbHMMd2023-08-18eNew popular Book shopg578.00l0pHMM-B984r2023-08-18 00:00:00v578.00w2023-08-18yBK